书目信息 |
| 题名: |
常微分方程
|
|
| 作者: | 王高雄 编 | |
| 分册: | ||
| 出版信息: | 北京 高等教育出版社 2006.07 |
|
| 页数: | 430页 | |
| 开本: | 20cm | |
| 丛书名: | ||
| 单 册: | ||
| 中图分类: | O175.1 | |
| 科图分类: | ||
| 主题词: | 数学分析 | |
| 电子资源: | ||
| ISBN: | 978-7-04-019366-4 | |
| 000 | 00606nam0 2200217 45 | |
| 001 | 1153714511 | |
| 005 | 20181217084802.34 | |
| 010 | @a978-7-04-019366-4@dCNY19.30 | |
| 100 | @a20020610d2006 km y0chiy0120 ea | |
| 101 | 0 | @achi |
| 102 | @aCN@b110000 | |
| 200 | 1 | @a常微分方程@Achang wei fen fang cheng@f王高雄等编@Fwang gao xiong deng bian |
| 205 | @a3版 | |
| 210 | @a北京@c高等教育出版社@d2006.07 | |
| 215 | @a430页@d20cm | |
| 300 | @a高等学校教材 | |
| 606 | 0 | @a数学分析 |
| 690 | @aO175.1@v3 | |
| 701 | 0 | @a王高雄@Awang gao xiong@4编 |
| 801 | 0 | @aCN@bPFT@c20110329 |
| 905 | @a安徽大学@dO175.1@eW180=3 | |
| 常微分方程/王高雄等编.-3版.-北京:高等教育出版社,2006.07 |
| 430页;20cm |
| 高等学校教材 |
| ISBN 978-7-04-019366-4:CNY19.30 |
| ● |
| 相关链接 |
|
|
|
正题名:常微分方程
索取号:O175.1/W180=3
 
预约/预借
| 序号 | 登录号 | 条形码 | 馆藏地/架位号 | 状态 | 备注 |
| 1 | 1236833 | 212368338 | 自科库401/401自科库 45排2列5层/ [索取号:O175.1/W180=3] | 在馆 | |
| 2 | 1304213 | 213042134 | 自科库401/401自科库 45排2列5层/ [索取号:O175.1/W180=3] | 在馆 | |
| 3 | 462977 | 204629777 | 自科二线504/110考试书库 8排2列3层/ [索取号:O175.1/W180=3] | 在馆 | |
| 4 | 462978 | 204629786 | 自科库401/401自科库 45排2列5层/ [索取号:O175.1/W180=3] | 在馆 | |
| 5 | 462979 | 204629795 | 自科二线504/504自科库 44排4列4层/ [索取号:O175.1/W180=3] | 在馆 | |
| 6 | 462980 | 204629802 | 自科库401/401自科库 45排2列5层/ [索取号:O175.1/W180=3] | 在馆 | |
| 7 | 462981 | 204629811 | 自科二线504/110考试书库 8排2列3层/ [索取号:O175.1/W180=3] | 在馆 | |
| 8 | 462982 | 204629820 | 自科库401/401自科库 45排2列5层/ [索取号:O175.1/W180=3] | 在馆 | |
| 9 | 462983 | 204629839 | 自科二线504/504自科库 44排3列4层/ [索取号:O175.1/W180=3] | 在馆 | |
| 10 | 462984 | 204629848 | 自科二线504/504自科库 44排3列4层/ [索取号:O175.1/W180=3] | 在馆 | |
| 11 | 462985 | 204629857 | 自科库401/401自科库 45排2列5层/ [索取号:O175.1/W180=3] | 在馆 | |
| 12 | 462986 | 204629866 | 自科二线504/504自科库 44排4列4层/ [索取号:O175.1/W180=3] | 在馆 | |
| 13 | 465271 | 204652713 | 自科库401/401自科库 45排2列5层/ [索取号:O175.1/W180=3] | 在馆 | |
| 14 | 474616 | 204746169 | 自科库401/401自科库 45排2列5层/ [索取号:O175.1/W180=3] | 在馆 | |
| 15 | 474617 | 204746178 | 自科二线504/110考试书库 8排2列3层/ [索取号:O175.1/W180=3] | 在馆 | |
| 16 | 474618 | 204746187 | 自科库401/401自科库 45排2列5层/ [索取号:O175.1/W180=3] | 在馆 | |
| 17 | 474619 | 204746196 | 自科库401/401自科库 45排2列5层/ [索取号:O175.1/W180=3] | 在馆 | |
| 18 | 474620 | 204746203 | 自科二线504/110考试书库 8排2列3层/ [索取号:O175.1/W180=3] | 在馆 | |
| 19 | 474621 | 204746212 | 自科二线504/110考试书库 11排1列3层/ [索取号:O175.1/W180=3] | 在馆 | |
| 20 | 488061 | 204880619 | 自科二线504/504自科库 22排1列3层/ [索取号:O175.1/W180=3] | 在馆 | |
| 21 | 488062 | 204880628 | 自科二线504/504自科库 22排1列3层/ [索取号:O175.1/W180=3] | 在馆 | |
| 22 | 488063 | 204880637 | 自科二线504/504自科库 22排1列3层/ [索取号:O175.1/W180=3] | 在馆 | |
| 23 | 488064 | 204880646 | 自科二线504/504自科库 22排1列3层/ [索取号:O175.1/W180=3] | 在馆 | |
| 24 | 488065 | 204880655 | 自科二线504/504自科库 22排1列3层/ [索取号:O175.1/W180=3] | 在馆 | |
| 25 | 488066 | 204880664 | 自科二线504/504自科库 22排1列3层/ [索取号:O175.1/W180=3] | 在馆 | |
| 26 | 488067 | 204880673 | 自科二线504/504自科库 22排1列3层/ [索取号:O175.1/W180=3] | 在馆 | |
| 27 | 488068 | 204880682 | 自科二线504/504自科库 22排1列3层/ [索取号:O175.1/W180=3] | 在馆 | |
| 28 | 488300 | 204883000 | 自科二线504/504自科库 22排1列4层/ [索取号:O175.1/W180=3] | 在馆 | |
| 29 | 490467 | 204904675 | 自科二线504/504自科库 21排2列4层/ [索取号:O175.1/W180=3] | 在馆 | |
| 30 | 491768 | 204917689 | 自科库401/401自科库 45排2列5层/ [索取号:O175.1/W180=3] | 在馆 |